000 00678nam a2200253 i 4500
001 C2-0115262
003 PPAK
005 20180727105059.0
008 970713s1984 nyu |||| ||||| | eng d
020 _a0131377124
040 _aPPAK
_beng
_cPPAK
_erda
082 0 4 _a001.942
_223
090 0 0 _a001.942
_bFAW
_dG
100 1 _aFawcett, Lawrence,
_eauthor
245 1 4 _aThe UFO cover - up
264 1 _aNew York :
_bPrentice Hall ,
_c1984
300 _a259 pages ;
_c23 cm
336 _2rdacontent
_atext
337 _2rdamedia
_aunmediated
338 _2rdacarrier
_avolume
650 1 0 _aUnidentified flying objects - United States
700 _eauthor
942 _ddc
_cB
999 _c29723
_d29723